Normal view
MARC view
- Ṣādiqain,
Entry Personal Name
001 - CONTROL NUMBER
- control field: 122003
003 - CONTROL NUMBER IDENTIFIER
- control field: NUST
005 - DATE AND TIME OF LATEST TRANSACTION
- control field: 20240307151818.0
008 - FIXED-LENGTH DATA ELEMENTS
- fixed length control field: 240307|| aca||aabn | a|a d
040 ## - CATALOGING SOURCE
- Original cataloging agency: NUST
- Transcribing agency: NUST
100 ## - HEADING--PERSONAL NAME
- Personal name: Ṣādiqain,
- Dates associated with a name: 1930-1987
- General subdivision: Criticism and interpretation
670 ## - SOURCE DATA FOUND
- Source citation: Work cat.: (NUST)0: Naqvi, Akbar, author. 122002, Sadequain and the culture of enlightenment /
